000 01355nam a2200349Ia 4500
001 ebr10135750
003 CaPaEBR
006 m u
007 cr cn|||||||||
008 050202s2005 nyuab sb 001 0 eng d
010 _z 2005043045
015 _aGBA521061
_2bnb
020 _z1403980861
020 _z1403968802
020 _z1403968810 (pbk.)
040 _aCaPaEBR
_cCaPaEBR
035 _a(OCoLC)560538221
050 1 4 _aJK526 2004
_b.W56 2005eb
082 0 4 _a324.973/0931
_222
100 1 _aMcMahon, Kevin J.
245 1 0 _aWinning the White House, 2004
_h[electronic resource] :
_bregion by region, vote by vote /
_cKevin J. McMahon ... [et al.].
250 _a1st ed.
260 _aNew York :
_bPalgrave Macmillan,
_c2005.
300 _axiv, 223 p. :
_bill., maps.
504 _aIncludes bibliographical references and index.
533 _aElectronic reproduction.
_bPalo Alto, Calif. :
_cebrary,
_d2009.
_nAvailable via World Wide Web.
_nAccess may be limited to ebrary affiliated libraries.
650 0 _aPresidents
_zUnited States
_xElection
_y2004
_vStatistics.
650 0 _aPresidents
_zUnited States
_xElection
_y2004.
655 7 _aElectronic books.
_2local
710 2 _aebrary, Inc.
856 4 0 _uhttp://site.ebrary.com/lib/rucke/Doc?id=10135750
_zAn electronic book accessible through the World Wide Web; click to view
999 _c87039
_d87039